Authoring a PhD. : (Record no. 501)
[ view plain ]
| 000 -LEADER | |
|---|---|
| fixed length control field | 00808cam a22002292 4500 |
| 001 - CONTROL NUMBER | |
| control field | 0000003608 |
| 005 - DATE AND TIME OF LATEST TRANSACTION | |
| control field | 20151021151102.0 |
| 008 - FIXED-LENGTH DATA ELEMENTS--GENERAL INFORMATION | |
| fixed length control field | 070510s xx 000 0 eng d |
| 020 ## - INTERNATIONAL STANDARD BOOK NUMBER | |
| International Standard Book Number | 403905843 : |
| Terms of availability | KES 2,700 |
| 040 ## - CATALOGING SOURCE | |
| Original cataloging agency | KABU |
| Transcribing agency | KABU |
| 050 #0 - LIBRARY OF CONGRESS CALL NUMBER | |
| Classification number | LB2369 |
| Item number | .D86 |
| 100 1# - MAIN ENTRY--PERSONAL NAME | |
| Personal name | Dunleavy, Patrick. |
| -- | 0000153640 |
| 245 10 - TITLE STATEMENT | |
| Title | Authoring a PhD. : |
| Remainder of title | how to plan, draft, write and finish a doctoral thesis or dissertation. |
| 260 ## - PUBLICATION, DISTRIBUTION, ETC. (IMPRINT) | |
| Place of publication, distribution, etc. | Houndsmills, Basingstoke : |
| Name of publisher, distributor, etc. | Palgrave Macmillan, |
| Date of publication, distribution, etc. | 2003. |
| 300 ## - PHYSICAL DESCRIPTION | |
| Extent | 297 p. |
| 504 ## - BIBLIOGRAPHY, ETC. NOTE | |
| Bibliography, etc | Includes bibliographical references and index. |
| 650 #0 - SUBJECT ADDED ENTRY--TOPICAL TERM | |
| Topical term or geographic name as entry element | Dissertations, Academic |
| General subdivision | Authorship. |
| -- | 0000153641 |
| 650 #0 - SUBJECT ADDED ENTRY--TOPICAL TERM | |
| Topical term or geographic name as entry element | Academic writing |
| Form subdivision | Handbooks, manuals etc. |
| -- | 0000153642 |
| 908 ## - PUT COMMAND PARAMETER (RLIN) | |
| Put command parameter | 070510 |
| 950 ## - LOCAL HOLDINGS (RLIN) | |
| -- | 1 |
| Withdrawn status | Lost status | Source of classification or shelving scheme | Not for loan | Home library | Current library | Date acquired | Total Checkouts | Full call number | Barcode | Date last seen | Price effective from | Koha item type | Date last checked out |
|---|---|---|---|---|---|---|---|---|---|---|---|---|---|
| Library of Congress Classification | Kabarak, Main Campus | Kabarak, Main Campus | 17/12/2015 | LB2369 .D86 | 010189 | 17/12/2015 | 17/12/2015 | General Collection | |||||
| Library of Congress Classification | Kabarak, Main Campus | Kabarak, Main Campus | 17/12/2015 | LB2369 .D86 | 010190 | 17/12/2015 | 17/12/2015 | General Collection | |||||
| Library of Congress Classification | Kabarak, Main Campus | Kabarak, Main Campus | 17/12/2015 | 1 | LB2369 .D86 | 011054 | 31/05/2016 | 17/12/2015 | General Collection | 28/04/2016 | |||
| Library of Congress Classification | Kabarak, Nakuru City Campus | Kabarak, Nakuru City Campus | 21/10/2015 | LB2369 .D86 | 011055 | 21/10/2015 | 21/10/2015 | General Collection |